000 00659nam a22002177a 4500
003 UA-OsUOA
001 82550
007 ta
008 20120314b un ||||| |||| 00| 0 ukr d
100 _aСохацька Є.
090 _a94(477)
_bС68
942 _cSA
040 _aUA-OsUOA
_bukr
_cUA-OsUOA
_dUA-OsUOA
245 _aПам'ять про високий обов'язок. Дружини державників: Ольга Петлюра і Домініка Огієнко
300 _aС.8
955 _a0
041 _aukr
080 _a94(477)
773 0 _w82549
650 7 _a9 Географія. Біографії. Історія
_2UDC
999 _c368857
_d368857